Pensando o espaco do homem
Tallennettuna:
| Päätekijä: | |
|---|---|
| Aineistotyyppi: | Kirja |
| Kieli: | portugali |
| Julkaistu: |
Sao Paulo
Universidade de Sao Paulo
2004
|
| Painos: | 5a. ed |
| Aiheet: | |
| Tagit: |
Lisää tagi
Ei tageja, Lisää ensimmäinen tagi!
|
MARC
| LEADER | 00000cam a2200000 a 4500 | ||
|---|---|---|---|
| 001 | UCF2624 | ||
| 003 | CL-VaPUC | ||
| 008 | 120830e20040000BL |||||||||||||||||por|d | ||
| 020 | |a 9788531408359 | ||
| 082 | 0 | 4 | |a 910 |b SAN |2 21 |
| 100 | 0 | |a Santos, Milton |e author |9 564338 | |
| 245 | 1 | 0 | |a Pensando o espaco do homem |
| 250 | |a 5a. ed | ||
| 300 | |a 96 p | ||
| 942 | |c BK | ||
| 945 | |d 20120830 00:00:00 |a dcastane | ||
| 260 | |a Sao Paulo |b Universidade de Sao Paulo |c 2004 | ||
| 650 | 0 | |a Geografía humana |9 267193 | |
| 650 | 0 | |a Geografía política |9 268296 | |
| 583 | |a last modification |c 20120830 10:25:00 |k Rodrigo Vera | ||
| 999 | |c 349165 |d 349163 | ||
| 952 | |0 0 |1 0 |4 0 |6 910_000000000000000_SAN_2004 |7 0 |8 A |9 451645 |a BIBING |b BIBING |d 2019-11-22 |i 4898605 |o 910 SAN 2004 |p 4898605 |r 2025-01-20 |w 2019-11-22 |y BK |k GEO | ||